Statistics for Biggest Turkic-Speaking Cities Quiz

Click here to take the quiz!

General Stats

  • This quiz has been taken 107 times
  • The average score is 12 of 18

Answer Stats

PopulationCity% Correct
15.8 milIstanbul
100%
4.97 milAnkara
100%
3.02 milIzmir
93%
1.07 milAstana
81%
3.17 milTashkent
80%
2.02 milAlmaty
79%
1.06 milBishkek
78%
2.55 milBaku
75%
1.26 milAntalya
74%
1.35 milAshgabat
69%
2.05 milBursa
66%
1.74 milAdana
63%
1.29 milKonya
51%
1.66 milGaziantep
48%
3.97 milUrumqi
44%
1.26 milKazan
28%
1.10 milKayseri
27%
1.79 milTabriz
26%

Score Distribution

Percentile by Number Answered

Percent of People with Each Score

Your Score History

You have not taken this quiz